000 00412nam a2200169 a 4500
001 6430
003 CO-ViMGA
008 141112s2004 ck r 000 u spa d
040 _aCO-ViMGA
_bspa
_cCO-ViMGA
082 0 4 _a813.54 K715a
100 1 _aKrantz, Judith
_95203
245 1 0 _aAmantes
260 _aBuenos Aires :
_bEmece,
_c1994
300 _a436 p
650 1 4 _aNOVELA ESTADOUNIDENSE
_9761
942 _2ddc
_cBK
999 _c18400
_d18400